TXT Members' Pets - Statistics

General Stats
  • This quiz has been taken 26 times
  • The average score is 4 of 8
Answers on the Grid
Answers color-coded by a green-red scale on the quiz's grid according to % correct below.
Toto
Hobak
Hwang Choon
Mickey
Aengdu
Aqua
Bamgeut
Odi
Yeongmeong
Huening Lionel Mbappe
Tori-i
Ningdung
Sean
Dagonyang
Holly
 
Answer Stats
Answer % Correct
Beomgyu's parrot Toto
89%
Soobin's hedgehog (passed) Odi
78%
Soobin family's dog Tori-i
72%
Taehyun's cat (adopted or given to other) Hobak
61%
Hyuka's pet rock Huening Lionel Mbappe
61%
Taehyun's snake (adopted or given to other) Aengdu
33%
Hyuka family's cat Aqua
22%
Soobin's dog (passed) Sean
22%
No matching quizzes found
Score Distribution
Percent of People with Each Score
Percentile by Number Answered
Your Score History
You have not taken this quiz